000
00304nam a22001337a 4500
008
260323b ||||| |||| 00| 0 eng d
020
_a
9789951058247
041
_a
Shqip
080
_a
821.131
100
_a
25
101
_a
Perralla
245
_a
Aventurat e Pinokut
_c
Carlo Collodi
942
_2
lcc
_c
BK
999
_c
60917
_d
60917